Active listening

Zapisane w:
Opis bibliograficzny
1. autor: Brown, Steven
Kolejni autorzy: Smith, Dorolyn
Format: Książka
Język:Undetermined
Wydane: Cambridge Cambridge University Press 2007
Hasła przedmiotowe:
Dostęp online:http://lrc.tdmu.edu.vn/opac/search/detail.asp?aID=2&ID=30813
Etykiety: Dodaj etykietę
Nie ma etykietki, Dołącz pierwszą etykiete!
Thư viện lưu trữ: Trung tâm Học liệu Trường Đại học Thủ Dầu Một
LEADER 00872nam a2200205Ia 4500
001 TDMU_30813
008 210410s9999 xx 000 0 und d
082 |a 346.5970482 
090 |b BR435 
100 |a Brown, Steven 
245 0 |a Active listening 
245 0 |c Steven Brown, Dorolyn Smith 
260 |a Cambridge 
260 |b Cambridge University Press 
260 |c 2007 
300 |a 102 p. 
650 |a English language  |x Study and teaching  |x Foreign speakers; Ngôn ngữ Anh  |x Học và dạy  |x Người nói tiếng nước ngoài; English language  |v Textbooks for foreign speakers; Ngôn ngữ Anh  |v Giáo trình dành cho người nói tiếng nước ngoài 
700 |a Smith, Dorolyn 
856 |u http://lrc.tdmu.edu.vn/opac/search/detail.asp?aID=2&ID=30813 
980 |a Trung tâm Học liệu Trường Đại học Thủ Dầu Một